000 00732cam a22002411 4500
001 sa 68005366
003 DLC
005 20260227112508.0
008 710915s1966 ii a b 00010 eng
010 _asa 68005366
025 _aPL480:I-E-8180
043 _aa-ii---
050 0 _aS471.I32
_bM37
082 _a630/.954/82
100 1 0 _aRatnam, R.
245 1 0 _aAgricultural development in Madras State prior to 1900,
_cby R. Ratnam. With a foreword by M. S. Sivaraman.
250 _a[1st ed.]
260 0 _aMadras,
_bNew Century Book House
_c[1966]
300 _ax, 444 p.
_billus.
_c23 cm.
350 _aRs25
_a$7.50
504 _aIncludes bibliographical references.
650 0 _aAgriculture
_zIndia
_zTamil Nadu
_xHistory.
999 _c80695
_d80695